| 000 | 00640nam a22001937a 4500 | ||
|---|---|---|---|
| 999 |
_c190846 _d190846 |
||
| 005 | 20220805170832.0 | ||
| 010 | _aENG-134326 | ||
| 020 |
_a9789390663316 _c210.00 |
||
| 035 | _aEN-117858 | ||
| 037 | _bDBAD/PUB | ||
| 082 | _a881 | ||
| 100 | _aAnand, Jernail Singh | ||
| 245 |
_aSelected Potery: _bPoetic Cocktail/ _cJernail Singh Anand and Translated by Hela Jenayah Tekali |
||
| 260 |
_aHaryana _bGlobal Fraternity of Poets _c2022 |
||
| 270 |
_aH-23/16, DLF Phase-I, Gurugram _bGurugram _e122002 _mglobalfop@gmail.com |
||
| 300 |
_ax, 66p. _c21cm(pbk) |
||
| 700 | _aTekali, Hela Jenayah | ||
| 942 |
_2ddc _cEN _h881 _mANA |
||